[Event "TCh-RUS Rapid 2016"]
[Site "Sochi RUS"]
[Date "2016.10.05"]
[Round "1.5"]
[White "Derjabin, Ilja"]
[Black "Fedoseev, Vladimir"]
[Result "*"]
[WhiteElo "2341"]
[BlackElo "2740"]
[EventDate "2016.09.02"]

1. d4 d5 2. c4 dxc4 3. e3 e5 4. Bxc4 exd4 5. exd4 Nf6 6. Ne2 Bd6 7. O-O O-O
8. Nbc3 a6 9. Ng3 Nc6 10. Bg5 h6 11. Bxf6 Qxf6 *

[Event "TCh-RUS Rapid 2016"]
[Site "Sochi RUS"]
[Date "2016.10.05"]
[Round "1.6"]
[White "Chigaev, Maksim"]
[Black "Iljin, Timofey"]
[Result "*"]
[WhiteElo "2627"]
[BlackElo "2464"]
[EventDate "2016.09.02"]

1. e4 c5 2. Nf3 Nc6 3. Bb5 e6 4. Bxc6 bxc6 5. d3 Ne7 6. Qe2 Ng6 7. h4 h5 8.
e5 f6 9. Qe4 Kf7 10. Nbd2 Nxe5 11. Nxe5+ fxe5 *

[Event "TCh-RUS Rapid 2016"]
[Site "Sochi RUS"]
[Date "2016.10.05"]
[Round "1.7"]
[White "Kurbedinov, Ramis"]
[Black "Predke, Alexandr"]
[Result "*"]
[WhiteElo "2249"]
[BlackElo "2618"]
[EventDate "2016.09.02"]

1. d4 Nf6 2. c4 e6 3. Nc3 Bb4 4. e3 O-O 5. Bd3 d5 6. Nf3 c5 7. O-O Nc6 8.
a3 Ba5 9. cxd5 exd5 10. dxc5 Bxc3 11. bxc3 Bg4 12. Rb1 Qe7 *

[Event "TCh-RUS Rapid 2016"]
[Site "Sochi RUS"]
[Date "2016.10.05"]
[Round "1.9"]
[White "Artemiev, Vladislav"]
[Black "Tekeyev, Zaur"]
[Result "*"]
[WhiteElo "2701"]
[BlackElo "2443"]
[EventDate "2016.09.02"]

1. e4 c5 2. Nf3 Nc6 3. Bb5 g6 4. O-O Bg7 5. Nc3 Nf6 6. e5 Ng4 7. Bxc6 dxc6
8. Re1 O-O 9. h3 Nh6 10. d3 Nf5 11. Bf4 Nd4 12. Nxd4 cxd4 13. Ne4 Qd5 14.
Ng3 c5 15. Qd2 *

[Event "TCh-RUS Rapid 2016"]
[Site "Sochi RUS"]
[Date "2016.10.05"]
[Round "1.10"]
[White "Nechaev, Oleg"]
[Black "Kamsky, Gata"]
[Result "*"]
[WhiteElo "2366"]
[BlackElo "2749"]
[EventDate "2016.09.02"]

1. c4 e5 2. Nc3 Nc6 3. g3 Bc5 4. Bg2 a6 5. e3 Nge7 6. Nge2 Ba7 7. O-O d6 8.
d4 O-O 9. a3 exd4 10. Nxd4 Ne5 11. b3 Rb8 12. h3 Bd7 13. Kh2 b5 14. f4 N5c6
15. Nxc6 Bxc6 16. Nd5 Ba8 *

[Event "TCh-RUS Rapid 2016"]
[Site "Sochi RUS"]
[Date "2016.10.05"]
[Round "1.11"]
[White "Timofeev, Artyom"]
[Black "Rozhko, Dmitry"]
[Result "*"]
[WhiteElo "2566"]
[BlackElo "2280"]
[EventDate "2016.09.02"]

1. e4 e6 2. d4 d5 3. Nd2 c5 4. Ngf3 cxd4 5. Nxd4 Nc6 6. Bb5 Bd7 7. Nxc6
Bxc6 8. Bxc6+ bxc6 9. c4 Bc5 10. Qa4 Ne7 11. cxd5 exd5 12. O-O O-O *

[Event "TCh-RUS Rapid 2016"]
[Site "Sochi RUS"]
[Date "2016.10.05"]
[Round "1.12"]
[White "Shandrygin, Nikita"]
[Black "Sharafiev, Azat"]
[Result "*"]
[WhiteElo "2298"]
[BlackElo "2534"]
[EventDate "2016.09.02"]

1. Nf3 c5 2. g3 Nc6 3. d4 cxd4 4. Nxd4 g6 5. Bg2 Bg7 6. Nb3 Nf6 7. Nc3 O-O
8. O-O d6 9. a4 Bf5 10. h3 Qd7 11. Kh2 Rfd8 12. e4 Be6 13. Nd5 *

[Event "TCh-RUS Rapid 2016"]
[Site "Sochi RUS"]
[Date "2016.10.05"]
[Round "1.16"]
[White "Pridorozhni, Aleksei"]
[Black "Sanin, Andrey"]
[Result "*"]
[WhiteElo "2628"]
[BlackElo "2186"]
[EventDate "2016.09.02"]

1. e4 e6 2. d4 d5 3. Nd2 c5 4. Ngf3 Nc6 5. exd5 exd5 6. Bb5 Nf6 7. O-O Be7
8. dxc5 Bxc5 9. Nb3 Be7 10. Bg5 O-O 11. c3 a6 12. Be2 Bg4 13. Nfd4 Bxe2 14.
Qxe2 Nxd4 15. Nxd4 Qd7 16. Rad1 *

[Event "TCh-RUS Rapid 2016"]
[Site "Sochi RUS"]
[Date "2016.10.05"]
[Round "1.17"]
[White "Alekseev, Evgeny"]
[Black "Shcherbakov, Ruslan"]
[Result "*"]
[WhiteElo "2688"]
[BlackElo "2542"]
[EventDate "2016.09.02"]

1. e4 e5 2. Nf3 Nc6 3. Bc4 Bc5 4. c3 Nf6 5. d3 O-O 6. O-O d5 7. exd5 Nxd5
8. a4 Bg4 9. a5 a6 10. Nbd2 Nf6 *

[Event "TCh-RUS Rapid 2016"]
[Site "Sochi RUS"]
[Date "2016.10.05"]
[Round "1.18"]
[White "Salemgareev, Tagir"]
[Black "Romanov, Evgeny"]
[Result "*"]
[WhiteElo "2223"]
[BlackElo "2621"]
[EventDate "2016.09.02"]

1. d4 Nf6 2. Nf3 d5 3. c4 dxc4 4. e3 b5 5. b3 cxb3 6. axb3 b4 7. Bd3 Bb7 8.
O-O e6 9. Nbd2 Be7 10. Bb2 Nbd7 11. Qc2 *

[Event "TCh-RUS Rapid 2016"]
[Site "Sochi RUS"]
[Date "2016.10.05"]
[Round "1.19"]
[White "Levin, Evgeny A."]
[Black "Scherbakov, Mikhail"]
[Result "*"]
[WhiteElo "2585"]
[BlackElo "1988"]
[EventDate "2016.09.02"]

1. d4 Nf6 2. c4 e5 3. dxe5 Ng4 4. Bf4 g5 5. Bg3 Bg7 6. Nf3 Nc6 7. Nc3 Ngxe5
8. Nxe5 Nxe5 9. e3 d6 10. h4 g4 11. h5 h6 12. Be2 Be6 13. Rc1 *

[Event "TCh-RUS Rapid 2016"]
[Site "Sochi RUS"]
[Date "2016.10.05"]
[Round "1.20"]
[White "Gilyazov, Amir"]
[Black "Usmanov, Vasily"]
[Result "*"]
[WhiteElo "2055"]
[BlackElo "2443"]
[EventDate "2016.09.02"]

1. d4 Nf6 2. c4 e6 3. Nc3 Bb4 4. Qc2 O-O 5. a3 Bxc3+ 6. Qxc3 b6 7. Nf3 Bb7
8. g3 c5 9. dxc5 Ne4 10. Qc2 Nxc5 11. Bg2 Be4 12. Qd1 a5 13. Bf4 *